| 000 | 01234cam a2200349 a 4500 | ||
|---|---|---|---|
| 001 | 16737511 | ||
| 003 | OSt | ||
| 005 | 20220310110706.0 | ||
| 008 | 110415s2011 enkabf b 001 0 eng | ||
| 010 | _a 2011012321 | ||
| 015 |
_aGBB159175 _2bnb |
||
| 016 | 7 |
_a015808995 _2Uk |
|
| 020 | _a9780813807690 (hardcover : alk. paper) | ||
| 020 | _a0813807697 (hardcover : alk. paper) | ||
| 035 | _a(OCoLC)ocn717293221 | ||
| 040 |
_aDLC _cHU _dYDX _dYDXCP _dUKMGB _dCDX _dUAF _dAGL _dDLC |
||
| 050 | 0 | 0 |
_aS591 _b.B887 2011 |
| 070 | 0 |
_aS591 _b.B887 2011 |
|
| 082 | 0 | 0 |
_a631.4 SOI 2011 _222 |
| 245 | 0 | 0 |
_aSoil genesis and classification / _cS.W. Buol ... [et al.]. |
| 250 | _a6th ed. | ||
| 260 |
_aChichester, West Sussex ; _aAmes, Iowa : _bWiley-Blackwell, _c2011. |
||
| 300 |
_axvi, 543 p., 12 p. of col. plates : _bill., maps ; _c25 cm. |
||
| 504 | _aIncludes bibliographical references and index. | ||
| 650 | 0 |
_aSoil science. _927607 |
|
| 650 | 0 |
_aSoil formation. _932584 |
|
| 650 | 0 |
_aSoils _vClassification. _932585 |
|
| 700 | 1 |
_aBuol, S. W. _912937 |
|
| 906 |
_a7 _bcbc _corignew _d1 _eecip _f20 _gy-gencatlg |
||
| 942 |
_2ddc _cBOOKS _n0 |
||
| 999 |
_c32516 _d32516 |
||